00781nam a22002297a 450000500170000001000140001702000130003103500140004403700090005808200140006710000290008124500480011026000440015827000570020230000200025949000110027950000250029070000240031594200290033999900190036895201640038720250214154655.0 aENG-14380 c1500. 00 aEN-127338 bDBAD a598.05154 aAsok Kanti Sanyal977602 aFlying Feathers /bColour Drawings of Birds aKolkatabSatyabata Chakarabarti c2013 aThe Asiatic Society 1 Park Street bKolkata e700016 a82p.c22cm.(hb) vvol 1  aAcalanatha Vidyaraja aSampa Biswas976691 2ddccENh598.095154mASO c209058d209058 001040718REFaDBADbDBADd2025-02-14eDelivery of Books Act Divisiong1500.00l0o598.095154 ASOpEN-127338r2025-02-14 00:00:00t1v1500.00w2025-02-14yEN